000 004050000a22001330004500
090 _aAR
_b04138
245 1 0 _aStabiblity, abundance, and niche width in the beetle community inhabiting cow dung
041 0 _aInglés
500 _a<Literatura de escarabajos coprófagos>
700 1 _aKoskela, Hannu
_998017
100 1 _aHanski, Iikka
_998047
942 _cARTICULO
773 1 _tOikos
_h3
_q290-298
_d1978
_g31
999 _c13236
_d13236